=LDR 00000nam 2200000 4500 =001 INLIS000000000046307 =005 20210204102448 =035 ##$$a 0010-031500000000079 =008 210204################g##########0###### =020 ##$$a 979-3858-08-7 =040 ##$$a NBPDMAT =082 ##$$a 338.609.598 =090 ##$$a 338.609.598 b Fra r =100 ##$$a Franciscus Welirang =245 1#$$a Revetalisasi republik : $b Perspektif pangan dan kebudayaan /$c Franciscus Welirang =260 ##$$a jakarta :$b Grafindo Khazanah Ilmu,$c 2007 =300 ##$$a 317 hlm. : $b ilus ; $c 24 x 15, 5 cm. =500 ##$$a Bibliografi : hlm. 309-317 =084 ##$$a 338.609.598 FRA r =250 ##$$a cet. 1 =650 #4$$a Politik Ekonomi- Kebijakan Kethanan Pangan - Indonesia =990 ##$$a 31400118 =990 ##$$a 31100328 =990 ##$$a 31100329 =990 ##$$a 21100330